Vista normal Vista MARC

Entrada Materia (tema)

Número de registros utilizados en: 1

001 - CONTROL NUMBER

  • control field: 188191

003 - CONTROL NUMBER IDENTIFIER

  • control field: Co-BoUCM

005 - DATE AND TIME OF LATEST TRANSACTION

  • control field: 20260227141752.0

008 - FIXED-LENGTH DATA ELEMENTS

  • fixed length control field: 260227|| aca||aabn | a|a d

040 ## - CATALOGING SOURCE

  • Original cataloging agency: Co-BoUCM
  • Transcribing agency: Co-BoUCM

150 ## - HEADING--TOPICAL TERM

  • Topical term or geographic name as entry element: Cuidados Críticos
  • General subdivision: rehabilitación

670 ## - SOURCE DATA FOUND

  • Source citation: Work cat.: (Co-BoUCM): Esteban Román, Sonia 188190, Guía esencial de rehabilitación en el paciente crítico, 2026